00333nam a2200121Ia 450000500170000000800410001702000180005808200250007610000310010124500210013226000450015330000130019820250502110521.0231217s9999 xx 000 0 und d a9780195687910 a001.6424C DEY;2 R1 aDey, Pradip. Ghosh, Manas. 0aProgramming in C c2007bOxford University PressaNew Delhi aviii+779